Culture Générale - Série 1937 - Statistiques

Statistiques générales
  • Ce quiz a été pris 110 fois
  • Le résultat moyen est 4 sur 10
Statistiques - réponses
Question Réponse % Correct
Comment appelle-t-on les footballeurs de Nantes ? canaris
79%
Dans quel département français se trouve l'île d'Yeu ? Vendée
71%
Quelle huile parfumée obtient-on avec les fleurs de tiaré ? monoï
65%
Dans le film "Le boucher" de Claude Chabrol, de 1970, qui incarne "le boucher" aux côtés de Stephane Audran ? Jean Yanne
44%
Quel félin pesant entre 8 et 12 kg vit généralement en Amérique du Sud et Amérique Centrale ? voir photo ocelot
43%
Quel animal vivant en Amérique du Sud et Amérique Centrale peut être assimilé à un porc sauvage ? pecari
30%
Quelle est l'héroïne du film "Taxi driver" de Martin Scorsese, réalisé en 1976, avec Robert De Niro ? Jodie Foster
29%
Quel adjectif signifie "plus long que large" ? oblong
15%
En Italie, quelle rivière traverse la province de Parme ? Taro
2%
Eau qui sort par les deux bouts d'une bûche exposée à la chaleur du feu. suage
0%
Aucun quiz correspondant
Distribution des résultats
% des personnes avec chaque résultat
Percentile par nombre de réponses
Votre historique - résultats
Vous n’avez pas pris ce quiz